000 01775nam a22004337a 4500
003 CHAP
005 20220329134316.0
008 971013s1967 r 00010 d
010 _a18524
011 _a19496
035 _a23581
040 _cCHAP
082 _a428.24
_bA54p
100 0 0 _aAlexander, L. G.
_93824
245 _aPractice and progress
_b: an integrated course for pre-intermediate students
260 _aLondon :
_bLongman,
_c1967
300 _a232 p.
_b: ilus
490 _aNew concept english
590 _aBATCH-UPD
_b10
_c20130110
_lUCH01
_h0232
590 _aBATCH-UPD
_b10
_c20130110
_lUCH01
_h1758
590 _aBATCH-UPD
_b10
_c20130409
_lUCH01
_h2256
590 _aBATCH-UPD
_b10
_c20130410
_lUCH01
_h1134
590 _aBATCH-UPD
_b10
_c20130914
_lUCH01
_h1642
590 _aCONVERSION
_b10
_c20130109
_lUCH01
_h1311
650 1 4 _aInglés
_xEstudio y enseñanza.
_958340
650 1 4 _aInglés
_xLibros para extranjeros.
_958343
830 0 _aNew concept english
_980978
901 _aBK
942 _cLIBRO
949 _a428.24 A54p
_bBC
_cLIBRO
_d33724000434197
_eLIBRO
_fc.8
_h29215
_i23581
_si
949 _a428.24 A54p
_bBC
_cLIBRO
_d33724000434205
_eLIBRO
_h29208
_i23581
_si
949 _a428.24 A54p
_bBC
_cLIBRO
_d33724000434213
_eLIBRO
_fc.3
_h29210
_i23581
_si
949 _a428.24 A54p
_bBC
_cLIBRO
_d33724000434221
_eLIBRO
_fc.2
_h29209
_i23581
_so
949 _a428.24 A54p
_bBC
_cLIBRO
_d33724000434239
_eLIBRO
_fc.10
_h29217
_i23581
_si
949 _a428.24 A54p
_bBC
_cLIBRO
_d33724000434247
_eLIBRO
_fc.9
_h29216
_i23581
_si
949 _a428.24 A54p
_bBC
_cLIBRO
_d33724000434254
_eLIBRO
_fc.6
_h29213
_i23581
_si
949 _a428.24 A54p
_bBC
_cLIBRO
_d33724000434262
_eLIBRO
_fc.7
_h29214
_i23581
_si
949 _a428.24 A54p
_bBC
_cLIBRO
_d33724000434270
_eLIBRO
_fc.5
_h29212
_i23581
_si
999 _c18524
_d18524